[Event "SWE-chT 1819 Superettan"]
[Site "Sweden"]
[Date "2018.11.09"]
[Round "1"]
[White "Larsson, Per"]
[Black "Rozentalis, Eduardas"]
[Result "1/2-1/2"]
[WhiteElo "2291"]
[BlackElo "2510"]
[PlyCount "86"]
[EventDate "2018.11.09"]
[EventType "team-tourn"]
[EventRounds "9"]
[EventCountry "SWE"]
[SourceTitle "EXT 2020"]
[Source "ChessBase"]
[SourceDate "2019.10.17"]
[SourceVersion "1"]
[SourceVersionDate "2019.10.17"]
[SourceQuality "1"]
[WhiteTeam "Sodra"]
[BlackTeam "Manhem"]
[WhiteTeamCountry "SWE"]
[BlackTeamCountry "SWE"]

1. c4 e6 2. Nf3 b6 3. g3 Bb7 4. Bg2 Nf6 5. 0-0 g6 6. d4 Bg7 7. Qc2 0-0 8. Nc3 d5 9. cxd5 exd5 10. Bf4 Na6 11. Rfd1 Re8 12. a3 c5 13. dxc5 Nxc5 14. Nd4 Nh5 15. Bc1 Rc8 16. Ndb5 Ne4 17. Qb3 Nxc3 18. Nxc3 Bxc3 19. bxc3 Rxe2 20. Be3 Rxe3 21. fxe3 Qe7 22. Re1 Rc4 23. Rad1 Qc5 24. Rc1 Nf6 25. Bf1 Re4 26. c4 dxc4 27. Rxc4 Rxc4 28. Qxc4 Qxa3 29. Bg2 Bxg2 30. Kxg2 Qe7 31. Rf1 h5 32. Qc8+ Kg7 33. Qc3 a5 34. e4 Qe6 35. Rf3 a4 36. Qd4 b5 37. h3 b4 38. Qxb4 Nxe4 39. Qd4+ Kh7 40. h4 Qa2+ 41. Kh3 Qe6+ 42. Kg2 Qa2+ 43. Kh3 Qe6+ 1/2-1/2

[Event "SWE-chT2 0708"]
[Site "Sweden"]
[Date "2007.10.21"]
[Round "2"]
[White "Larsson, Per"]
[Black "Karlsson, Jorgen"]
[Result "0-1"]
[WhiteElo "2360"]
[BlackElo "2178"]
[PlyCount "60"]
[EventDate "2007.10.20"]
[EventType "team"]
[EventRounds "9"]
[EventCountry "SWE"]
[SourceTitle "EXT 2009"]
[Source "ChessBase"]
[SourceDate "2008.11.26"]
[SourceVersion "1"]
[SourceVersionDate "2008.11.26"]
[SourceQuality "1"]
[WhiteTeam "Passanten"]
[BlackTeam "Vastervik"]
[WhiteTeamCountry "SWE"]
[BlackTeamCountry "SWE"]

1. Nf3 g6 2. c4 Bg7 3. Nc3 c5 4. g3 Nc6 5. Bg2 e6 6. a3 Nge7 7. 0-0 0-0 8. d3 d5 9. Bd2 b6 10. Rb1 d4 11. Na4 Bd7 12. b4 cxb4 13. axb4 Rc8 14. b5 Ne5 15. Qb3 Nxf3+ 16. Bxf3 e5 17. Rfc1 Be6 18. Bb4 Re8 19. Ra1 f5 20. Nb2 Rc7 21. Qa3 g5 22. Bd6 Rd7 23. c5 bxc5 24. Bxc5 Nd5 25. Bxa7 Nc3 26. Bh5 Bf7 27. Bxf7+ Rxf7 28. Rxc3 dxc3 29. Nc4 e4 30. d4 f4 0-1

[Event "SWE-chT 9900"]
[Site "Sweden"]
[Date "2000.??.??"]
[Round "7"]
[White "Larsson, Per"]
[Black "Moreau, Teodor"]
[Result "1/2-1/2"]
[WhiteElo "2350"]
[BlackElo "2240"]
[PlyCount "61"]
[EventDate "1999.11.??"]
[EventType "team"]
[EventRounds "11"]
[EventCountry "SWE"]
[SourceTitle "EXT 2002"]
[Source "ChessBase"]
[SourceDate "2001.11.25"]
[SourceVersion "1"]
[SourceVersionDate "2001.11.25"]
[SourceQuality "1"]

1. e4 c5 2. Nf3 Nc6 3. Bb5 g6 4. Bxc6 dxc6 5. d3 Bg7 6. Nc3 e5 7. Be3 Qe7 8. h3 Nf6 9. Qd2 0-0 10. Bh6 Ne8 11. Nh2 Bxh6 12. Qxh6 f6 13. f4 Nc7 14. 0-0 exf4 15. Rxf4 Ne6 16. Rf2 Nd4 17. Raf1 Bd7 18. Nf3 f5 19. Nh4 Qg7 20. Qxg7+ Kxg7 21. exf5 Bxf5 22. Nxf5+ gxf5 23. Re1 Rae8 24. Kf1 Kh6 25. Rxe8 Rxe8 26. Nd1 Kg5 27. c3 Ne6 28. Re2 Kf6 29. Nf2 Rg8 30. Re3 Nf4 31. g4 1/2-1/2

[Event "SWE-chT 9900"]
[Site "Sweden"]
[Date "1999.??.??"]
[Round "1"]
[White "Persson, Hakon"]
[Black "Larsson, Per"]
[Result "1/2-1/2"]
[WhiteElo "2215"]
[BlackElo "2350"]
[PlyCount "50"]
[EventDate "1999.11.??"]
[EventType "team"]
[EventRounds "11"]
[EventCountry "SWE"]
[SourceTitle "EXT 2002"]
[Source "ChessBase"]
[SourceDate "2001.11.25"]
[SourceVersion "1"]
[SourceVersionDate "2001.11.25"]
[SourceQuality "1"]

1. c4 g6 2. Nc3 Bg7 3. g3 Nf6 4. Bg2 0-0 5. e3 c6 6. Nge2 d5 7. cxd5 cxd5 8. Qb3 e6 9. 0-0 Nc6 10. d4 b6 11. Bd2 Na5 12. Qc2 Ba6 13. Rfc1 Rc8 14. Qa4 Qd7 15. Qxd7 Nxd7 16. b3 Rfd8 17. Bf1 Bf8 18. Na4 Ba3 19. Rxc8 Rxc8 20. Nec3 Bxf1 21. Kxf1 Nc6 22. Nb5 Bf8 23. Ke2 a6 24. Nbc3 Ba3 25. Rb1 Bb4 1/2-1/2

[Event "SWE-chT 9596"]
[Site "Sweden"]
[Date "1996.??.??"]
[Round "?"]
[White "Andreasson, Ingvar"]
[Black "Larsson, Per"]
[Result "0-1"]
[WhiteElo "2355"]
[BlackElo "2350"]
[PlyCount "82"]
[EventDate "1995.??.??"]
[EventType "team"]
[EventRounds "9"]
[EventCountry "SWE"]
[SourceTitle "EXT 1998"]
[Source "ChessBase"]
[SourceDate "1997.11.17"]
[SourceVersion "1"]
[SourceVersionDate "1997.11.17"]
[SourceQuality "1"]

1. e4 e6 2. d3 c5 3. g3 Nc6 4. Bg2 Nf6 5. Nd2 Be7 6. Ngf3 d6 7. 0-0 0-0 8. a4 Rb8 9. Nc4 Qc7 10. e5 dxe5 11. Nfxe5 Nxe5 12. Nxe5 Nd5 13. Re1 b6 14. a5 b5 15. Bd2 Bb7 16. a6 Ba8 17. c4 bxc4 18. dxc4 Nb4 19. Bxa8 Rxa8 20. Bc3 Bf6 21. Qe2 Nc6 22. Nxc6 Bxc3 23. bxc3 Qxc6 24. Qe5 Rab8 25. Ra5 Rfc8 26. Rd1 h6 27. Qd6 Rb1 28. Qd3 Rb6 29. Rda1 g6 30. h4 h5 31. Qf1 Qf3 32. Rb5 Rcc6 33. Rxb6 Rxb6 34. Qc1 Kg7 35. Qe1 Qf5 36. Qe3 Rd6 37. Ra5 Rd3 38. Qe1 Qf3 39. Ra1 Rxc3 40. Qe5+ Qf6 41. Qe1 Rxc4 0-1

[Event "SWE-chT 9596"]
[Site "Sweden"]
[Date "1996.??.??"]
[Round "?"]
[White "Thornert, Hakan"]
[Black "Larsson, Per"]
[Result "1/2-1/2"]
[WhiteElo "2215"]
[BlackElo "2350"]
[PlyCount "55"]
[EventDate "1995.??.??"]
[EventType "team"]
[EventRounds "9"]
[EventCountry "SWE"]
[SourceTitle "EXT 1998"]
[Source "ChessBase"]
[SourceDate "1997.11.17"]
[SourceVersion "1"]
[SourceVersionDate "1997.11.17"]
[SourceQuality "1"]

1. e4 e6 2. d4 d5 3. Nc3 Nf6 4. Bg5 Bb4 5. e5 h6 6. Bd2 Bxc3 7. bxc3 Ne4 8. Qg4 g6 9. h4 c5 10. h5 g5 11. Bd3 Nxd2 12. Kxd2 Nc6 13. f4 Qa5 14. Nf3 cxd4 15. Ke2 dxc3 16. fxg5 Bd7 17. Qf4 0-0-0 18. gxh6 f5 19. Rh4 Qc5 20. Rg1 Rdf8 21. h7 Be8 22. Rgh1 Qe7 23. Ng5 Nxe5 24. Qxe5 Qxg5 25. Qxc3+ Bc6 26. Qe5 Qxg2+ 27. Kd1 Bd7 28. Qd4 1/2-1/2

[Event "SWE-chT 9394"]
[Site "Sweden"]
[Date "1994.??.??"]
[Round "9"]
[White "Larsson, Per"]
[Black "Faldt, Magnus"]
[Result "1-0"]
[WhiteElo "2355"]
[BlackElo "2220"]
[PlyCount "127"]
[EventDate "1993.??.??"]
[EventType "team"]
[EventRounds "9"]
[EventCountry "SWE"]
[SourceTitle "EXT 2000"]
[Source "ChessBase"]
[SourceDate "1999.11.16"]
[SourceVersion "1"]
[SourceVersionDate "1999.11.16"]
[SourceQuality "1"]

1. e4 c5 2. Nf3 Nc6 3. Bb5 e6 4. 0-0 Nge7 5. Nc3 a6 6. Bxc6 Nxc6 7. d4 cxd4 8. Nxd4 d6 9. Nxc6 bxc6 10. Qg4 Rb8 11. e5 dxe5 12. Rd1 Qc7 13. Be3 f5 14. Qh5+ g6 15. Qe2 Be7 16. Na4 0-0 17. b3 c5 18. Qc4 Rb4 19. Qc3 Bb7 20. f3 Rc8 21. a3 Rb5 22. Rd2 c4 23. b4 Bd5 24. Bc5 Bf6 25. Rad1 Rb7 26. Qe3 Qc6 27. Nb6 Rd8 28. Nxc4 Qc7 29. Na5 Re8 30. c4 Bc6 31. Bd6 Qc8 32. Bxe5 Bxe5 33. Qxe5 Rbe7 34. h3 Ba4 35. Re1 Rd7 36. Ree2 Bd1 37. Rf2 Ba4 38. f4 Kf7 39. Rd6 Rxd6 40. Qxd6 Rd8 41. Qb6 Rd1+ 42. Kh2 Qd7 43. b5 axb5 44. Nc6 Kg7 45. Ne5 Qe7 46. c5 g5 47. c6 Rd8 48. Rf3 Bc2 49. c7 Rc8 50. Rc3 Be4 51. fxg5 Bd5 52. Qc5 Qe8 53. Qd6 b4 54. axb4 Ra8 55. Rc5 Ra2 56. Rxd5 exd5 57. Qf6+ Kg8 58. Qxf5 Ra8 59. b5 Rc8 60. b6 Kh8 61. Qf6+ Kg8 62. Ng4 h5 63. gxh6 Qd7 64. Qg7+ 1-0

[Event "SWE-chT 9394"]
[Site "Sweden"]
[Date "1993.??.??"]
[Round "3"]
[White "Jepson, Christian"]
[Black "Larsson, Per"]
[Result "1-0"]
[WhiteElo "2285"]
[BlackElo "2355"]
[PlyCount "53"]
[EventDate "1993.??.??"]
[EventType "team"]
[EventRounds "9"]
[EventCountry "SWE"]
[SourceTitle "EXT 2000"]
[Source "ChessBase"]
[SourceDate "1999.11.16"]
[SourceVersion "1"]
[SourceVersionDate "1999.11.16"]
[SourceQuality "1"]

1. e4 e6 2. d4 d5 3. Nc3 Nf6 4. Bg5 Bb4 5. e5 h6 6. Bd2 Bxc3 7. bxc3 Ne4 8. Qg4 g6 9. Bd3 Nxd2 10. Kxd2 c5 11. Nf3 Nc6 12. Rhb1 Qc7 13. Qh4 cxd4 14. cxd4 Bd7 15. Qf6 Rg8 16. h4 Rc8 17. Ke2 Na5 18. Rb4 b6 19. Kf1 Qc3 20. Rab1 Qa3 21. h5 gxh5 22. Bh7 Rf8 23. Nh4 Nc6 24. Ng6 Qa6+ 25. Kg1 Qe2 26. R4b3 Qg4 27. Rf3 1-0

[Event "SWE-chT 9293"]
[Site "Sweden"]
[Date "1993.??.??"]
[Round "7"]
[White "Larsson, Per"]
[Black "Svenn, Matti"]
[Result "1/2-1/2"]
[WhiteElo "2355"]
[BlackElo "2205"]
[PlyCount "49"]
[EventDate "1992.??.??"]
[EventType "team"]
[EventRounds "9"]
[EventCountry "SWE"]
[SourceTitle "EXT 2000"]
[Source "ChessBase"]
[SourceDate "1999.11.16"]
[SourceVersion "1"]
[SourceVersionDate "1999.11.16"]
[SourceQuality "1"]

1. e4 c5 2. Nf3 d6 3. d4 cxd4 4. Nxd4 Nf6 5. Nc3 Nc6 6. g3 g6 7. Bg2 Bd7 8. h3 Bg7 9. Nde2 0-0 10. 0-0 Rc8 11. Re1 a6 12. a4 Nb4 13. Be3 b5 14. axb5 axb5 15. Nd4 e5 16. Nde2 Be6 17. Qd2 d5 18. exd5 Nfxd5 19. Nxd5 Nxd5 20. c3 Nxe3 21. Qxe3 Rc4 22. Rad1 Qc8 23. Kh2 Qc7 24. Bd5 Bxd5 25. Rxd5 1/2-1/2

[Event "SWE-chT 9293"]
[Site "Sweden"]
[Date "1992.??.??"]
[Round "5"]
[White "Larsson, Per"]
[Black "Bergstrom, Magnus"]
[Result "0-1"]
[WhiteElo "2355"]
[BlackElo "2285"]
[PlyCount "80"]
[EventDate "1992.??.??"]
[EventType "team"]
[EventRounds "9"]
[EventCountry "SWE"]
[SourceTitle "EXT 2006"]
[Source "ChessBase"]
[SourceDate "2005.11.24"]
[SourceVersion "1"]
[SourceVersionDate "2005.11.24"]
[SourceQuality "1"]

1. Nf3 Nf6 2. g3 g6 3. Bg2 Bg7 4. c4 0-0 5. 0-0 d5 6. cxd5 Nxd5 7. d4 a5 8. Nc3 Nb6 9. Bf4 c6 10. Qc1 a4 11. Rd1 Na6 12. Ne5 f6 13. Nd3 Be6 14. Qc2 Bf5 15. e4 Bg4 16. f3 Bc8 17. Be3 f5 18. e5 Nc7 19. f4 Ncd5 20. Nxd5 Nxd5 21. Bd2 Qb6 22. Nc5 Rd8 23. Kh1 Qa7 24. Rac1 Bf8 25. Qc4 e6 26. Nd3 Qb6 27. a3 Qa6 28. Qc2 Qb5 29. Bf1 Qb6 30. Qc4 h6 31. Bg2 Be7 32. Re1 Kf7 33. Nc5 Qxb2 34. Bb4 Nxb4 35. axb4 Rxd4 36. Qf1 Qxb4 37. Nd3 Qb5 38. Re3 a3 39. Rb1 Qa5 40. Ra1 a2 0-1